Zmluva o výpožičke vzor

Bibliographic Details
Main Author: Kizivatová, Tatiana (Author)
Format: Article
Language:Slovak
Subjects:

MARC

LEADER 00000nab a2200000 ar4500
001 vtls011619411
003 SK-MaSNL
005 20260303084435.0
008 170322c2017 xo qr|p||| |000 b|slo
015 |a SNBRB2017/03 
038 |a SPK 
040 |a SPKCL  |b slo  |c AACR2  |e AACR2 
041 0 |a slo 
044 |a xo  |c SK 
072 7 |a 37  |x Výchova a vzdelávanie  |2 konspekt 
072 7 |a 330.5+338  |x Národné hospodárstvo a hospodárska politika  |2 konspekt 
080 |a 373/378  |x (088.4)  |2 2011 
080 |a 330.567.22  |2 2011 
100 1 |a Kizivatová, Tatiana  |4 aut  |9 25884 
245 1 0 |a Zmluva o výpožičke  |b vzor  |c Tatiana Kizivatová 
300 |a Príl. 
650 0 7 |a školy  |2 snkbucl  |9 1276 
650 0 7 |a predmety  |2 snkbucl  |9 399894 
650 0 7 |a individuálna spotreba  |2 snkbucl  |9 67657 
650 0 7 |a zmluvy  |2 snkbucl  |9 297422 
650 0 7 |a výpožičky  |2 snkbucl  |9 49793 
773 0 |t Právny kuriér pre školy  |g Roč. 12, č. 3 (2017), s. 4-5  |x 1337-0170 
852 |a SPK  |b KIS3GCP 
999 |c 1795430  |d 1797360